[Event "Merida Heuristic Solutions op U1600"]
[Site "Badajoz"]
[Date "2021.08.03"]
[Round "5.3"]
[White "Diaz Perez, Diego"]
[Black "Vigueras Moreno, Fernando"]
[Result "1-0"]
[WhiteElo "1495"]
[BlackElo "1482"]
[PlyCount "107"]
[EventDate "2021.08.02"]
[EventType "swiss"]
[EventRounds "7"]
[EventCountry "ESP"]
[SourceTitle "EXT 2023"]
[Source "ChessBase"]
[SourceDate "2022.10.05"]
[SourceVersion "1"]
[SourceVersionDate "2022.10.05"]
[SourceQuality "1"]

1. e4 e5 2. Nf3 Nc6 3. Bc4 Bc5 4. c3 Nf6 5. d4 exd4 6. cxd4 Bb4+ 7. Bd2 Nxe4 8. Bxb4 Nxb4 9. Bxf7+ Kf8 10. Bb3 d6 11. 0-0 Bg4 12. Qc1 Qf6 13. Bd1 c6 14. Nc3 Nxc3 15. bxc3 Nd5 16. Nd2 h5 17. Ne4 Qg6 18. Bc2 Bf5 19. f3 Nxc3 20. Nxc3 Bxc2 21. Qf4+ Qf6 22. Qe3 Re8 23. Qf2 h4 24. Qxc2 Qxd4+ 25. Kh1 h3 26. g3 Re3 27. Qf5+ Kg8 28. Ne4 Rh6 29. Rad1 Qb2 30. Rd2 Qa3 31. Ng5 Rf6 32. Qh7+ Kf8 33. Qh8+ Ke7 34. Qxg7+ Ke8 35. Qxf6 d5 36. Qf7+ Kd8 37. Ne6+ Rxe6 38. Qxe6 a5 39. Re2 Kc7 40. Qe7+ Qxe7 41. Rxe7+ Kd6 42. Rxb7 d4 43. Rd1 c5 44. Kg1 Kd5 45. Kf2 Kc4 46. Rb3 a4 47. Rbd3 Kb4 48. a3+ Kc4 49. f4 Kd5 50. Kf3 Ke6 51. Ke4 Kd6 52. Rxd4+ cxd4 53. Rxd4+ Kc5 54. f5 1-0